Catalog

Record Details

Catalog Search



Real hauntings : America's true ghost stories  Cover Image Book Book

Real hauntings : America's true ghost stories / by Hans Holzer.

Summary:

Twenty-five true, witnessed accounts are reported.

Record details

  • ISBN: 1566197325
  • ISBN: 9781566197328
  • Physical Description: xii, 337 pages ; 22 cm
  • Publisher: New York : Barnes & Noble, 1995.

Content descriptions

Formatted Contents Note:
Ghost in New Hampshire -- Ghost on Cape Cod -- "Ship Chandler's" ghost of Cohasset -- Young Erlend and the ghost of the Admiral -- Staten Island ghost -- Ghost of the lady parishioner -- Greenwich Village studio ghosts -- Carriage house ghosts -- Brooklyn Henny -- Restless ghost of the parish priest -- Little ghost girl on Lansdowne Avenue -- Minnesota theater ghost -- Phantom grandfather -- Ghost of the British spy -- Restless ghost of Oakton, Virginia -- Hauntings at Howard Lodge -- Indian girl ghost of Kentucky -- Crime of passion in New Orleans -- Piano-playing ghost -- Little old lady of the garden -- Wild party ghost -- Haunting at Newbury Park -- San Bernardino murder ghosts -- Phantom boy of Santa Ana -- Mr. Wasserman's ghost.
Subject: Ghosts > United States.
Haunted houses > United States.
Maisons hantées > États-Unis.
United States.
Paranormal
Genre: Occult
Nonfiction

Available copies

  • 1 of 1 copy available at scottsboropl.

Holds

  • 0 current holds with 1 total copy.
Show All Copies
Location Call Number / Copy Notes Barcode Shelving Location Status Due Date
scottsboropl 133.1 Hol 32269001226870 Adult - Nonfiction Available -

LDR 02057cam a2200385 a 4500
001159389
003SBPL
00520221031143922.0
008950831s1995 nyu 000 0 eng
010 . ‡a 96124547
020 . ‡a1566197325
020 . ‡a9781566197328
035 . ‡a(OCoLC)33068823
035 . ‡a(OCoLC)33068823
05000. ‡aBF1472.U6 ‡bH637544 1995
08200. ‡a133.1/0973 ‡220
1001 . ‡aHolzer, Hans, ‡d1920-2009.
24510. ‡aReal hauntings : ‡bAmerica's true ghost stories / ‡cby Hans Holzer.
260 . ‡aNew York : ‡bBarnes & Noble, ‡c1995.
300 . ‡axii, 337 pages ; ‡c22 cm
336 . ‡atext ‡btxt ‡2rdacontent
337 . ‡aunmediated ‡bn ‡2rdamedia
338 . ‡avolume ‡bnc ‡2rdacarrier
520 . ‡aTwenty-five true, witnessed accounts are reported.
50500. ‡gGhost in New Hampshire -- ‡tGhost on Cape Cod -- ‡t"Ship Chandler's" ghost of Cohasset -- ‡tYoung Erlend and the ghost of the Admiral -- ‡tStaten Island ghost -- ‡tGhost of the lady parishioner -- ‡tGreenwich Village studio ghosts -- ‡tCarriage house ghosts -- ‡tBrooklyn Henny -- ‡tRestless ghost of the parish priest -- ‡tLittle ghost girl on Lansdowne Avenue -- ‡tMinnesota theater ghost -- ‡tPhantom grandfather -- ‡tGhost of the British spy -- ‡tRestless ghost of Oakton, Virginia -- ‡tHauntings at Howard Lodge -- ‡tIndian girl ghost of Kentucky -- ‡tCrime of passion in New Orleans -- ‡tPiano-playing ghost -- ‡tLittle old lady of the garden -- ‡tWild party ghost -- ‡tHaunting at Newbury Park -- ‡tSan Bernardino murder ghosts -- ‡tPhantom boy of Santa Ana -- ‡tMr. Wasserman's ghost.
650 0. ‡aGhosts ‡zUnited States.
650 0. ‡aHaunted houses ‡zUnited States.
650 6. ‡aMaisons hantées ‡zÉtats-Unis.
651 7. ‡aUnited States. ‡2fast ‡0(OCoLC)fst01204155
6550 . ‡a Occult
6550 . ‡aNonfiction
6500 . ‡aParanormal
901 . ‡a159389 ‡b ‡c159389 ‡tbiblio

Additional Resources